Welcome to CU Library Online Public Access Catalogue (OPAC)

THE LIFE AND DEATH OF THE MAYOR OF CASTERBRIDGE (Record no. 9609)

MARC details
000 -LEADER
fixed length control field 00381nam a2200145 4500
005 - DATE AND TIME OF LATEST TRANSACTION
control field 20260424124916.0
008 - FIXED-LENGTH DATA ELEMENTS--GENERAL INFORMATION
fixed length control field cu66
020 ## - INTERNATIONAL STANDARD BOOK NUMBER
International Standard Book Number 8174731938
050 ## - LIBRARY OF CONGRESS CALL NUMBER
Classification number PR 4750.M3 HAR
100 ## - MAIN ENTRY--PERSONAL NAME
Personal name HARDY THOMAS
245 ## - TITLE STATEMENT
Title THE LIFE AND DEATH OF THE MAYOR OF CASTERBRIDGE
Remainder of title A STORY OF A MAN OF CHARACTER
260 ## - PUBLICATION, DISTRIBUTION, ETC.
Place of publication, distribution, etc. INDIA
Name of publisher, distributor, etc. A.IT.B.S PUBBLISHERS
Date of publication, distribution, etc. 2005
300 ## - PHYSICAL DESCRIPTION
Extent 313p.,
942 ## - ADDED ENTRY ELEMENTS (KOHA)
Source of classification or shelving scheme Library of Congress Classification
Koha item type Books
Suppress in OPAC No
999 ## -
-- 9609
-- 9609
Holdings
Withdrawn status Lost status Source of classification or shelving scheme Damaged status Not for loan Home library Current library Shelving location Date acquired Total checkouts Full call number Barcode Date last seen Price effective from Koha item type
    Library of Congress Classification     Graduate Library (Christ Temple) Graduate Library (Christ Temple) General stacks 04/24/2026   PR 4750.M3 HAR gsct00003393 04/24/2026 04/24/2026 Books
© 2023-2024 Copyright: Central University Libraries. All Rights Reserved | Created by: Mahone Tech Office